000 00758nam a2200253 4500
001 44849
010 _a9789720041692
021 _b282506/08
090 _a44849
100 _a20100308d2008 m y0pory5003 ba
101 1 _apor
102 _aPT
200 1 _aA casa dos horrores
_ea terrível verdade sobre a história de Josef Fritzl
_fNigel Cawthorne
_gtrad. Vítor Guerreiro
205 _a1.ª ed.
210 9 _aPorto
_cPorto Editora,
_d2008
215 _a230 p., [8] p. il.
_cil.
_d24 cm
304 _aTít. orig.: House of horrors
675 _a343.91(436)"2008"
_vBN
_zpor
675 _a929Fritzl, Josef
_vBN
_zpor
675 _a821.111-94"20"
_vBN
_zpor
700 1 _aCawthorne,
_bNigel
702 1 _aGuerreiro,
_bVítor
_4730
801 0 _aPT
_bBN
_gRPC
990 _cLIVROS